Statistics for Tour de France 2019 riders

Click here to take the quiz!

General Stats

  • This quiz has been taken 395 times
  • The average score is 67 of 176

Answer Stats

Team#Rider% Correct
INEOS1Geraint Thomas
97%
INEOS2Egan Bernal
96%
BORA-hansgrohe11Peter Sagan
92%
Deceuninck-Quick-Step21Julian Alaphilippe
89%
Movistar61Nairo Quintana
88%
AG2R La Mondiale31Romain Bardet
88%
Groupama-FDJ51Thibaut Pinot
85%
Bahrain Merida41Vincenzo Nibali
82%
Mitchelton-Scott101Adam Yates
81%
Movistar62Alejandro Valverde
81%
Mitchelton-Scott108Simon Yates
81%
UAE Team Emirates121Daniel Martin
78%
Wanty-Gobert191Guillaume Martin
77%
Jumbo-Visma86Tony Martin
77%
EF Education First91Rigoberto Uran
76%
INEOS4Michal Kwiatkowski
74%
Movistar65Mikel Landa
74%
Astana71Jakob Fuglsang
73%
CCC111Greg Van Avermaet
71%
Trek-Segafredo131Richie Porte
71%
Lotto Soudal161Caleb Ewan
66%
Arkea Samsic211Warren Barguil
65%
Jumbo-Visma88Wout van Aert
65%
Jumbo-Visma81Steven Kruijswijk
64%
Deceuninck-Quick-Step28Elia Viviani
63%
BORA-hansgrohe12Emmanuel Buchmann
63%
INEOS6Wout Poels
63%
Deceuninck-Quick-Step25Enric Mas
62%
Jumbo-Visma82George Bennett
60%
Katusha-Alpecin181Ilnur Zakarin
60%
INEOS7Luke Rowe
58%
Sunweb141Michael Matthews
58%
UAE Team Emirates126Alexander Kristoff
57%
Wanty-Gobert193Aime De Gendt
56%
Trek-Segafredo136Bauke Mollema
56%
UAE Team Emirates122Fabio Aru
56%
Lotto Soudal164Thomas De Gendt
56%
Movistar63Andrey Amador
55%
INEOS3Jonathan Castroviejo
54%
INEOS8Dylan van Baarle
53%
Jumbo-Visma84Dylan Groenewegen
52%
Arkea Samsic215Andre Greipel
51%
BORA-hansgrohe16Daniel Oss
51%
Groupama-FDJ53David Gaudu
50%
Dimension Data201Edvald Boasson Hagen
50%
INEOS5Gianni Moscon
50%
Jumbo-Visma87Mike Teunissen
49%
AG2R La Mondiale37Oliver Naesen
49%
Groupama-FDJ54Stefan Kung
49%
Astana76Alexey Lutsenko
48%
Deceuninck-Quick-Step22Kasper Asgreen
48%
Mitchelton-Scott105Daryl Impey
47%
Movistar67Marc Soler
46%
Mitchelton-Scott107Matteo Trentin
46%
Groupama-FDJ57Sebastien Reichenbach
45%
Deceuninck-Quick-Step26Michael Morkov
44%
Deceuninck-Quick-Step27Maximiliano Richeze
43%
EF Education First97Tejay van Garderen
43%
Lotto Soudal168Tim Wellens
43%
Bahrain Merida47Dylan Teuns
42%
Dimension Data208Michael Valgren
42%
Sunweb148Nicolas Roche
42%
BORA-hansgrohe14Patrick Konrad
42%
UAE Team Emirates124Rui Costa
42%
Total Direct Energie171Lilian Calmejane
40%
BORA-hansgrohe18Maximilian Schachmann
40%
EF Education First98Michael Woods
40%
Bahrain Merida43Sonny Colbrelli
40%
BORA-hansgrohe15Gregor Muhlberger
39%
Astana78Luis Leon Sanchez
39%
Dimension Data204Reinardt Janse van Rensburg
38%
Deceuninck-Quick-Step24Yves Lampaert
38%
Total Direct Energie177Niki Terpstra
37%
Lotto Soudal162Tiesj Benoot
37%
Trek-Segafredo133Giulio Ciccone
36%
Astana77Magnus Cort
36%
Bahrain Merida46Matej Mohoric
36%
Katusha-Alpecin186Nils Politt
36%
Bahrain Merida44Rohan Dennis
36%
Cofidis154Jesus Herrada
35%
Jumbo-Visma83Laurens De Plus
35%
BORA-hansgrohe17Lukas Postlberger
35%
AG2R La Mondiale35Tony Gallopin
35%
Trek-Segafredo138Jasper Stuyven
34%
Astana72Pello Bilbao
34%
Astana75Gorka Izagirre
33%
Astana73Omar Fraile
33%
Cofidis151Christophe Laporte
32%
Bahrain Merida42Damiano Caruso
32%
AG2R La Mondiale34Mathias Frank
32%
Movistar66Nelson Oliveira
32%
Total Direct Energie176Rein Taaramae
32%
Dimension Data206Roman Kreuziger
32%
UAE Team Emirates125Sergio Henao
31%
Sunweb147Soren Kragh Andersen
31%
EF Education First92Alberto Bettiol
30%
CCC113Alessandro De Marchi
30%
AG2R La Mondiale38Alexis Vuillermoz
30%
Mitchelton-Scott103Jack Haig
30%
Wanty-Gobert196Yoann Offredo
30%
Jumbo-Visma85Amund Grondahl Jansen
29%
EF Education First94Tanel Kangert
29%
Trek-Segafredo137Toms Skujins
29%
Astana74Hugo Houle
28%
Dimension Data202Lars Ytting Bak
27%
CCC117Michael Schar
27%
CCC114Simon Geschke
27%
Deceuninck-Quick-Step23Dries Devenyns
26%
Dimension Data207Giacomo Nizzolo
26%
Movistar64Imanol Erviti
26%
Trek-Segafredo132Julien Bernard
26%
Groupama-FDJ56Rudy Molard
26%
Sunweb146Wilco Kelderman
26%
UAE Team Emirates128Jasper Philipsen
25%
Katusha-Alpecin188Rick Zabel
25%
AG2R La Mondiale33Benoit Cosnefroy
24%
Sunweb143Cees Bol
24%
BORA-hansgrohe13Marcus Burghardt
24%
AG2R La Mondiale32Mickael Cherel
24%
Cofidis157Stephane Rossetto
24%
Groupama-FDJ52William Bonnet
24%
Sunweb144Chad Haga
23%
Mitchelton-Scott106Christopher Juul-Jensen
23%
Sunweb145Lennard Kamna
23%
Cofidis152Natnael Berhane
23%
Cofidis153Nicolas Edet
23%
CCC115Serge Pauwels
23%
Mitchelton-Scott102Luke Durbridge
22%
Total Direct Energie172Niccolo Bonifazio
22%
CCC112Patrick Bevin
22%
EF Education First93Simon Clarke
22%
Dimension Data203Steve Cummings
22%
Wanty-Gobert197Andrea Pasqualon
21%
Arkea Samsic214Elie Gesbert
21%
Bahrain Merida45Ivan Garcia Cortina
21%
Lotto Soudal163Jasper De Buyst
21%
Groupama-FDJ55Mathieu Ladagnous
21%
Groupama-FDJ58Anthony Roux
20%
Bahrain Merida48Jan Tratnik
20%
Lotto Soudal166Roger Kluge
20%
Wanty-Gobert195Xandro Meurisse
20%
Katusha-Alpecin183Alex Dowsett
19%
Total Direct Energie178Anthony Turgis
19%
Sunweb142Nikias Arndt
19%
Total Direct Energie175Romain Sicard
19%
AG2R La Mondiale36Alexis Gougeard
18%
Cofidis155Anthony Perez
18%
Dimension Data205Ben King
18%
Cofidis158Julien Simon
18%
UAE Team Emirates123Sven Erik Bystrom
18%
UAE Team Emirates127Vegard Stake Laengen
18%
Movistar68Carlos Verona
17%
Trek-Segafredo135Fabio Felline
17%
Katusha-Alpecin182Jens Debusschere
17%
Trek-Segafredo134Koen de Kort
17%
Arkea Samsic212Maxime Bouet
17%
Wanty-Gobert194Odd Christian Eiking
17%
Cofidis156Pierre-Luc Perichon
17%
Katusha-Alpecin185Marco Haller
16%
EF Education First95Sebastian Langeveld
16%
Arkea Samsic213Anthony Delaplace
15%
Arkea Samsic218Florian Vachon
15%
Wanty-Gobert192Frederik Backaert
15%
CCC118Lukasz Wisniowski
15%
Katusha-Alpecin187Mads Wurtz Schmidt
15%
Lotto Soudal167Maxime Monfort
15%
Mitchelton-Scott104Michael Hepburn
15%
Arkea Samsic217Amael Moinard
14%
Lotto Soudal165Jens Keukeleire
14%
Katusha-Alpecin184Jose Goncalves
14%
Total Direct Energie173Fabien Grellier
13%
CCC116Joey Rosskopf
13%
Arkea Samsic216Kevin Ledanois
12%
Total Direct Energie174Paul Ourselin
11%
EF Education First96Tom Scully
11%
Wanty-Gobert198Kevin Van Melsen
10%

Score Distribution

Percentile by Number Answered

Percent of People with Each Score

Your Score History

You have not taken this quiz